[Event "XIX Sants Open 2017"]
[Site "Cotxeres de Sants"]
[Date "2017.08.20"]
[Round "3"]
[White "Novikov, Stanislav"]
[Black "Stephan, Victor"]
[Result "1-0"]
[WhiteElo "2538"]
[BlackElo "2350"]
[Annotator "TA"]
[PlyCount "101"]
[EventDate "2017.??.??"]
[EventType "swiss"]
[EventCountry "ESP"]
[SourceTitle "playchess.com"]
[Source "ChessBase"]
[SourceQuality "1"]

{[%evp 27,101,59,27,17,14,20,25,32,31,25,26,34,29,21,21,20,57,57,57,54,54,52,54,50,67,69,70,72,74,64,67,78,131,134,183,177,183,191,191,197,260,256,266,266,321,316,311,285,320,313,333,319,653,665,1562,1585,1060,636,579,577,538,486,389,320,312,275,595,416,29956,5128,29979,29980,29979,29980,29959,12556]} 1. c4 Nf6 2. Nf3 e6 3. d4 c5 4. d5 d6 5. Nc3 exd5 6. cxd5 g6 7. h3 Bg7 8. e4 O-O 9. Bd3 Nh5 10. O-O Nd7 11. Re1 {A70: Modern Benoni: 6 e4 g6 7 Nf3} (11. Bg5 Bf6 12. Be3 Re8 13. Qd2 Ne5 14. Be2 Nxf3+ 15. Bxf3 Ng7 16. a4 Bd7 17. Nb5 Qb6 18. Bf4 Bxb5 19. axb5 {½-½ (40) Batchuluun,T (2513)-Yilmaz,M (2616) Baku 2016}) 11... Ne5 12. Be2 Nxf3+ 13. Bxf3 Qh4 14. Bxh5 gxh5 {LiveBook: 7 Games} 15. Qf3 {next Bf4 is good for White.} f5 $1 16. Qf4 Qxf4 $146 ({Predecessor:} 16... Qf6 17. Qg5 fxe4 18. Qxf6 Rxf6 19. Nxe4 {1-0 (51) Campos Moreno,J (2509)-Guerra Bastida,D (2405) Andorra 2003}) 17. Bxf4 fxe4 18. Bxd6 Bxc3 19. bxc3 Rd8 20. Bf4 Rxd5 21. Rxe4 {[#] And now Re8+ would win.} Bf5 22. Re7 b6 23. Rae1 Rd7 24. Rxd7 Bxd7 $14 {[%mdl 4096] Endgame KRB-KRB} 25. Re7 Bf5 26. Be5 Bg6 27. f4 Rd8 28. g4 hxg4 29. hxg4 Bf7 ({Better is} 29... a5) 30. Rxa7 $16 Rd1+ 31. Kf2 Rd2+ 32. Kg3 Rxa2 33. Rb7 {[#] Black must now prevent Rb8+.} Ra8 (33... Rg2+ {was worth a try.} 34. Kh3 (34. Kxg2 Bd5+ 35. Kg3 Bxb7 $16) 34... Bd5 35. Rxb6 Rg1) 34. Kh4 Re8 35. Rxb6 c4 36. Rc6 Re6 37. Rc8+ Re8 38. Rc7 Re6 39. Bd4 Re8 $2 (39... Rh6+ 40. Kg3 Re6) 40. Kg5 $18 Ra8 41. f5 Rf8 42. Kf4 Re8 43. Be5 Kf8 44. Ra7 Kg8 45. g5 Kf8 46. Ra6 Kg8 $2 (46... Bg8 {is more resistant.} 47. Bd6+ Kg7 48. Be5+ Kf8 49. Bd6+ Kg7) 47. Rh6 Rf8 (47... Bd5 $18 48. Rd6 Bf7) 48. Bf6 Be8 49. Be7 {White mates.} Rf7 50. f6 Ba4 51. Rh2 {Precision: White = 75%, Black = 41%.} 1-0

[Event "XIX Sants Open 2017"]
[Site "Cotxeres de Sants"]
[Date "2017.08.20"]
[Round "3"]
[White "Blomqvist, Erik"]
[Black "Kleinman, Michael"]
[Result "0-1"]
[WhiteElo "2525"]
[BlackElo "2340"]
[Annotator "TA"]
[PlyCount "58"]
[EventDate "2017.??.??"]
[EventType "swiss"]
[EventCountry "ESP"]
[SourceTitle "playchess.com"]
[Source "ChessBase"]
[SourceQuality "1"]

{[%evp 11,58,16,33,0,0,0,0,0,0,0,0,0,0,0,15,10,27,25,27,10,10,0,1,0,0,0,0,0,0,-16,0,-10,-9,-27,0,-64,-68,-71,-66,-206,-71,-102,-19,-757,-753,-29993,-29994,-29995,-29996]} 1. e4 c6 2. Nf3 d5 3. Nc3 a6 (3... Bg4 4. h3 Bxf3 5. Qxf3 e6 6. Be2 Bc5 7. O-O Nf6 8. d3 Nbd7 9. Qf4 O-O 10. Rd1 Ne8 11. Qg3 Kh8 12. d4 Bb6 13. a4 a6 14. h4 {½-½ (56) Vachier Lagrave,M (2791)-Fedoseev,V (2726) Dortmund 2017}) 4. d4 Bg4 5. h3 Bh5 6. Bd3 {B11: Caro-Kann: Two Knights Variation} e6 {LiveBook: 11 Games} 7. e5 c5 8. g4 {The position is equal.} Bg6 9. Bxg6 hxg6 10. Ne2 $146 ({Predecessor:} 10. Be3 Nd7 11. Qe2 Ne7 {0-1 (53) Vucinic,G (2150)-Ratkovic,M (2176) Donji Milanovac 2012}) 10... cxd4 11. Nexd4 Nc6 12. c3 Nge7 13. Kf1 Qc7 14. Kg2 Rc8 15. Be3 Nxd4 16. Bxd4 Nc6 17. Qe2 Nxd4 18. cxd4 Be7 19. Qe3 Qb6 20. Rab1 Rc2 21. Qd3 Qc7 22. Qe3 Qb6 23. a4 ({White should try} 23. Qd3 $11 Qc7 24. Ne1) 23... Kd7 $15 24. b3 Rhc8 25. Qf4 {[#]} (25. h4 $15) 25... Qb4 (25... g5 $1 $19 {[%cal Rg5f4][%mdl 512] is more deadly.} 26. Qxf7 (26. Nxg5 Bxg5) 26... Rf8) 26. h4 $17 ({Don't blunder} 26. Qxf7 $2 Rf8 $19) 26... Re2 (26... Ke8 $17) 27. Qxf7 $2 {[%mdl 8192]} (27. Rbe1 $11 Rxe1 28. Rxe1) 27... Rf8 $19 28. Qxg6 {[#]} Rxf2+ $1 {[%mdl 512]} 29. Kxf2 Qd2+ $1 {Precision: White = 44%, Black = 58%.} 0-1

[Event "XIX Sants Open 2017"]
[Site "Cotxeres de Sants"]
[Date "2017.08.20"]
[Round "3"]
[White "Praggnanandhaa R"]
[Black "Mingarro Carceller, Sergi"]
[Result "1-0"]
[WhiteElo "2487"]
[BlackElo "2319"]
[Annotator "TA"]
[PlyCount "57"]
[EventDate "2017.??.??"]
[EventType "swiss"]
[EventCountry "ESP"]
[SourceTitle "playchess.com"]
[Source "ChessBase"]
[SourceQuality "1"]

{[%evp 31,57,11,13,13,20,-4,139,138,134,127,380,382,386,231,490,462,739,721,833,821,1076,1075,1009,987,1143,1068,963,691]} 1. e4 e5 2. Nf3 Nc6 3. Bc4 Bc5 4. c3 Nf6 5. d3 a6 6. Bb3 Ba7 7. O-O d6 8. Nbd2 {[%cal Bb1d2,Bd2f1,Bf1g3][%mdl 32]} O-O 9. h3 h6 10. Re1 Re8 11. Nf1 Be6 12. Bc2 {C54: Giuoco Piano: 4 c3 Nf6, main lines with 5 d4 and 5 d3} (12. Be3 Bxe3 13. Nxe3 Qd7 14. Bxe6 Qxe6 15. c4 Ne7 16. Nd5 Nexd5 17. cxd5 Qd7 18. d4 c6 19. dxc6 Qxc6 {½-½ (71) Kramnik,V (2808)-So,W (2812) Stavanger 2017}) 12... d5 13. exd5 Bxd5 14. Ng3 Qd7 15. Be3 Bxe3 16. Rxe3 Rad8 {LiveBook: 5 Games} 17. Qe2 {[%cal Rf3e5] [#]} Qd6 $146 ({Find the theoretical novelty and annotate with similar games:} 17... Bxf3 18. Qxf3 Nd5 19. Ree1 Re6 20. Rad1 {½-½ (60) Degraeve,J (2573)-Votava,J (2561) Germany 2009}) 18. Re1 Nd7 {[#]} (18... g6 $11) 19. d4 $1 $16 {[%cal Bd3d4,Bd4d5][%mdl 32]} Bxf3 20. Qxf3 Rf8 $2 {[%mdl 8192]} (20... g6 $16 21. Bb3 Rf8) 21. Nf5 $18 Qf6 {[%cal Re5d4]} 22. Qe4 (22. Qh5 $142) 22... Rfe8 $2 {[#]} (22... g6) 23. d5 {White is clearly winning.} Na7 (23... Nc5 $142) 24. Rg3 g5 25. h4 Nc8 26. hxg5 hxg5 27. Qh4 Nd6 28. Rxg5+ Kf8 29. Ng7 {Precision: White = 90%, Black = 12%.} 1-0

[Event "XIX Sants Open 2017"]
[Site "Cotxeres de Sants"]
[Date "2017.08.20"]
[Round "3"]
[White "Oblitas, Carlomagno"]
[Black "Oparin, Grigoriy"]
[Result "1/2-1/2"]
[WhiteElo "2397"]
[BlackElo "2609"]
[Annotator "TA"]
[PlyCount "118"]
[EventDate "2017.??.??"]
[EventType "swiss"]
[EventCountry "ESP"]
[SourceTitle "playchess.com"]
[Source "ChessBase"]
[SourceQuality "1"]

{[%evp 9,118,22,95,0,0,0,7,6,7,5,20,0,0,-15,7,0,0,0,23,0,0,-5,0,0,0,0,0,-1,-5,-10,-10,-10,-14,-4,-18,-34,-39,-52,-54,-233,-64,-51,-54,-52,-60,-56,-50,-47,-52,-52,-49,-57,0,0,0,0,0,0,0,0,0,0,0,0,0,0,0,0,0,0,0,0,0,0,0,0,8,0,0,0,0,0,0,8,8,8,8,0,0,0,0,0,0,0,0,0,0,0,0,0,0,0,0,0,0,0,0,0,0,0,0]} 1. d4 Nf6 2. Nf3 b6 3. Bg5 Bb7 4. Bxf6 gxf6 5. g3 (5. Qd3 e6 6. e4 d5 7. exd5 Qxd5 8. Nc3 Qd7 9. O-O-O Nc6 10. d5 Nb4 11. Qd4 O-O-O 12. Qxf6 Be7 {0-1 (20) Kveinys,A (2530)-Stefansson,H (2549) Reykjavik 2015}) 5... c5 {[#]} (5... f5 $11) 6. c3 {A47: 1 d4 Nf6 2 Nf3 b6: Torre, London and Colle Systems} (6. d5 $1 $16) 6... e6 $146 ({Predecessor:} 6... f5 7. Bg2 d6 8. O-O Nd7 9. Nbd2 e6 10. Qc2 Nf6 11. Qa4+ Qd7 12. Qxd7+ Nxd7 {½-½ (43) Armstrong,M (2014)-Vezzosi,P (2281) Porto San Giorgio 2013}) 7. Bg2 Bg7 8. Nh4 d5 {[%cal Bd7d5,Bd5c4][%mdl 32]} 9. dxc5 Nc6 {[#]} 10. c4 $1 {[%mdl 512]} dxc4 11. Qa4 Rc8 12. Na3 {And now Rd1 would win.} O-O 13. Rd1 Qc7 $1 14. O-O (14. Nb5 {feels hotter.} Qb8 15. Nd6 Rc7 16. cxb6 axb6 17. O-O) 14... Na5 15. Nxc4 Bxg2 16. Nxg2 Nxc4 17. Qxc4 Qxc5 18. Qxc5 Rxc5 19. Ne3 Ra5 20. a3 f5 21. Rd7 Rc8 22. Rfd1 Bxb2 23. Rd8+ Rxd8 24. Rxd8+ $15 {[%mdl 4096] Endgame KRB-KRN} Kg7 {aiming for ...Ra4.} 25. Nc4 Bf6 26. Nxa5 Bxd8 {KB-KN} 27. Nc6 Bc7 28. Nxa7 Kf6 29. Nb5 Bb8 30. f4 Ke7 (30... e5 $15) 31. Kf2 $11 {The position is equal.} Kd7 32. Ke3 Kc6 33. Nd4+ $1 Kd5 34. Kd3 Bd6 35. a4 Be7 36. Nb3 Bb4 37. e3 Be1 38. Nd4 Ba5 39. Nf3 f6 40. Nd4 Bb4 41. Nb5 Be7 42. h3 e5 43. Nc3+ Kc5 $1 44. fxe5 fxe5 45. e4 fxe4+ 46. Kxe4 Kc4 47. Nd5 Bc5 48. g4 {Strongly threatening g5.} (48. Nf6 $5 {[%cal Rf6h7]} Kb3 49. Nxh7 (49. Kxe5 Kxa4 50. Nxh7 b5 $11) 49... Kxa4 50. Nf6 $14 (50. Kxe5 b5 $11)) 48... Kb3 49. g5 Kxa4 50. Nf6 b5 {Threatens to win with ...b4.} 51. Nxh7 b4 {White must now prevent ...b3.} 52. g6 $1 {[%cal Rg6g7] Hoping for g7.} b3 {...b2 is the strong threat.} 53. g7 b2 54. g8=Q b1=Q+ 55. Kxe5 Qa1+ 56. Kf5 Qf1+ 57. Kg6 Qxh3 58. Qc4+ Bb4 59. Nf6 Qc3 {Precision: White = 74%, Black = 79%.} 1/2-1/2

[Event "XIX Sants Open 2017"]
[Site "Cotxeres de Sants"]
[Date "2017.08.20"]
[Round "3"]
[White "Mascaro March, Pedro"]
[Black "Vocaturo, Daniele"]
[Result "1/2-1/2"]
[WhiteElo "2387"]
[BlackElo "2596"]
[Annotator "TA"]
[PlyCount "49"]
[EventDate "2017.??.??"]
[EventType "swiss"]
[EventCountry "ESP"]
[SourceTitle "playchess.com"]
[Source "ChessBase"]
[SourceQuality "1"]

{[%evp 16,49,0,0,13,10,10,0,16,16,16,8,13,16,21,15,31,9,16,23,18,18,41,28,35,16,29,-2,10,11,16,0,0,0,0,0]} 1. d4 e6 2. Nf3 Nf6 3. c4 Bb4+ 4. Nbd2 O-O 5. a3 Be7 6. e3 b6 {E11: Bogo-Indian} (6... c5 7. b3 b6 8. Bb2 Bb7 9. Bd3 d6 10. O-O Nbd7 11. Qe2 Re8 12. Rad1 Bf8 13. e4 cxd4 14. Nxd4 a6 15. b4 {½-½ (15) Zubov,A (2609)-Saric,I (2641) Novi Sad 2016}) 7. Be2 Bb7 8. O-O c5 9. b3 {[%cal Bb2b3,Bb3b4,Bb4b5][%mdl 32] LiveBook: 4 Games} d6 10. Bb2 Nbd7 11. b4 Rc8 $146 ({Predecessor:} 11... Qc7 12. Qb3 Rac8 13. Rab1 Qb8 {0-1 (51) Martin,A (2215)-Goldstern,F (2350) Seefeld 1998}) 12. dxc5 dxc5 13. b5 Qc7 14. Qc2 Rfe8 15. h3 Bf8 16. Ng5 h6 17. Nge4 Nxe4 18. Nxe4 f5 19. Nd2 g6 20. Qc3 {[#] Intending Qh8+ and mate.} e5 21. Bf3 Bg7 {The position is equal.} 22. Bxb7 Qxb7 23. e4 Nf8 24. Qc2 f4 25. Nf3 {Precision: White = 53%, Black = 25%.} 1/2-1/2

[Event "XIX Sants Open 2017"]
[Site "Cotxeres de Sants"]
[Date "2017.08.20"]
[Round "3"]
[White "Flick, Antoine"]
[Black "Tari, Aryan"]
[Result "0-1"]
[WhiteElo "2371"]
[BlackElo "2591"]
[Annotator "TA"]
[PlyCount "130"]
[EventDate "2017.??.??"]
[EventType "swiss"]
[EventCountry "ESP"]
[SourceTitle "playchess.com"]
[Source "ChessBase"]
[SourceQuality "1"]

{[%evp 14,130,39,22,25,20,28,24,26,16,42,26,30,29,37,36,89,80,119,111,111,96,99,106,106,102,79,62,88,79,84,96,124,-4,113,60,203,201,191,184,194,162,170,169,168,101,100,73,82,85,85,81,102,86,53,-16,-12,-18,-18,-20,-14,-9,-5,-58,-59,-75,-75,-75,-75,-75,-75,-75,-75,-75,-75,-75,-75,-75,-47,-47,-47,-91,-91,-118,-118,-118,-118,-118,-118,-118,-118,-118,-118,-121,-120,-121,-121,-225,-231,-168,-121,-121,-121,-12825,-6968,-1726,-6027,-1508,-895,-12834,-12835,-12834,-12839,-2543,-3005,-1815,-1600,-12842,-12842]} 1. d4 d5 2. Nf3 Nf6 3. c4 e6 4. g3 g6 5. Bg2 Bg7 6. O-O O-O 7. Qc2 Na6 {D77: Fianchetto Grünfeld: 6 0-0: Replies other than 6...c6} (7... Ne4 8. Rd1 c6 9. Nc3 f5 10. Bf4 Nd7 11. Rac1 Qe7 12. a3 g5 13. Be5 Bh6 14. e3 g4 15. Ne1 Nxe5 16. dxe5 {½-½ (105) Ni,H (2674)-Wang,C (2505) China 2017}) 8. a3 {LiveBook: 6 Games} b6 9. Rd1 Bb7 $146 {The position is equal.} ({Predecessor:} 9... c5 10. Nc3 Bb7 11. cxd5 exd5 12. Bf4 Qe7 13. Rac1 Rfd8 14. Be5 cxd4 15. Bxd4 {½-½ (23) Recuero Guerra,D (2467)-Narciso Dublan,M (2539) Don Benito 2012}) 10. cxd5 exd5 11. Nc3 Rc8 12. Bf4 c5 13. Bh3 $36 {[%mdl 2048] White has good play.} Ra8 14. Be5 c4 (14... Qe7 $14) 15. b3 $16 Bc8 16. Bg2 Bf5 17. Qb2 cxb3 18. Qxb3 Rc8 19. Rac1 Nc7 20. Qa4 a6 21. Qb4 Bh6 22. e3 (22. Qxb6 Nd7 $15) 22... Ng4 23. a4 ({Much worse is} 23. Qxb6 $6 Nxe3 24. fxe3 Bxe3+ 25. Kf1 Bxc1 $11) (23. Bf4 $16) 23... Ne8 (23... Nxe3 $1 $11 {remains equal.} 24. fxe3 Bxe3+ 25. Kh1 Bxc1 26. Rxc1 Ne6) 24. h3 (24. Nd2 $16) 24... Nxe5 (24... Nxe3 $14 25. fxe3 Bxe3+ 26. Kh2 f6) 25. dxe5 $18 Be6 26. Ne2 Ng7 {[%cal Be8g7,Bg7e6,Be6c5][%mdl 32]} 27. g4 Rxc1 28. Rxc1 ({Don't do} 28. Nxc1 $6 Bg5 $16) 28... Bd7 29. Rd1 (29. Nc3 $18 a5 30. Qb2) 29... a5 $16 30. Qb3 (30. Qd6 {looks sharper.} Ne6 31. Nc3 Bg7 32. Rb1 Nc5 33. Nd4) 30... Ne6 31. Nc3 Nc5 32. Qxd5 Qb8 33. Qd4 Bg7 34. Ne4 ({White should try} 34. Rb1 $14) 34... Bxa4 $11 35. Nxc5 Bxd1 36. Nd7 Qc7 37. Nxf8 {Strongly threatening Ne6.} ({Wrong is} 37. Qxd1 $2 Rd8 $19) 37... Bxf3 38. Bxf3 ({White should play} 38. Nd7 $11 Qc1+ 39. Kh2 Bxg2 40. Kxg2) 38... Bxe5 $15 39. Ne6 Qc1+ $1 40. Qd1 Qxd1+ 41. Bxd1 {Hoping for Nd8.} fxe6 $17 {[%mdl 4096] Endgame KB-KB} 42. Kf1 Kf7 43. Ba4 g5 44. Ke2 Ke7 45. Kd3 Kd6 46. Kc4 $1 Bh2 47. f3 Bg1 48. e4 Ke5 49. Kd3 Kf4 50. Ke2 Kg3 51. Bb5 Kxh3 52. Bd7 Kg3 53. Bxe6 Kf4 54. Bf7 a4 {[%cal Ba5a4,Ba4a3][%mdl 32]} 55. Be8 (55. Bc4 $17 {is a better defense.}) 55... a3 $19 {...a2 is the strong threat.} 56. Bf7 b5 57. Ba2 Bd4 58. e5 $2 {[%mdl 8192]} (58. Bb1 $17) 58... Bxe5 {Black is clearly winning.} 59. Bg8 Bg7 60. Ba2 Bd4 61. Bb3 {[#]} Be3 $1 62. Ba2 b4 63. Bg8 {[#]} h5 $1 64. gxh5 {[#]} g4 $1 {[%cal Rg4f3]} 65. fxg4 Ke4 {Precision: White = 43%, Black = 73%.} 0-1

[Event "XIX Sants Open 2017"]
[Site "Cotxeres de Sants"]
[Date "2017.08.20"]
[Round "3"]
[White "Vidal Zamora, Alex"]
[Black "Moussard, Jules"]
[Result "1/2-1/2"]
[WhiteElo "2365"]
[BlackElo "2571"]
[Annotator "TA"]
[PlyCount "53"]
[EventDate "2017.??.??"]
[EventType "swiss"]
[EventCountry "ESP"]
[SourceTitle "playchess.com"]
[Source "ChessBase"]
[SourceQuality "1"]

{[%evp 30,53,95,73,75,74,68,77,56,54,66,33,33,49,45,12,33,36,29,15,22,21,46,46,33,38]} 1. d4 Nf6 2. c4 e6 3. Nc3 Bb4 4. e3 O-O 5. Bd3 d5 6. cxd5 exd5 7. Nge2 Re8 8. O-O b6 9. f3 c5 10. a3 Bxc3 11. bxc3 Ba6 12. Bxa6 Nxa6 13. Qd3 Nc7 14. Ng3 {E49: Nimzo-Indian: Rubinstein: 5 Bd3 d5 6 a3 Bxc3+ 7 bxc3} Qd7 (14... Ne6 15. Bb2 Rc8 16. Rad1 Qc7 17. e4 cxd4 18. cxd4 Qc2 19. Qxc2 Rxc2 20. Rf2 Rec8 21. Rdd2 Rxd2 22. Rxd2 {½-½ (63) Brunello,S (2539)-Fressinet,L (2707) Helsingor 2015}) 15. e4 cxd4 16. cxd4 {LiveBook: 3 Games. White is better.} Qb5 17. Qxb5 Nxb5 18. e5 Nd7 19. Bb2 g6 20. Rac1 {[#] Threatens to win with a4.} Rac8 21. Ne2 $146 ({Predecessor:} 21. f4 f5 22. a4 Nc7 {½-½ (57) Raceanu,V (2378)-Christea,I (2238) Bucharest 2003}) 21... Nc7 22. Rc6 Nb8 23. Rc2 {And now Rfc1 would win.} Ne6 24. Rfc1 Rxc2 25. Rxc2 f6 26. f4 fxe5 27. dxe5 1/2-1/2

[Event "XIX Sants Open 2017"]
[Site "Cotxeres de Sants"]
[Date "2017.08.20"]
[Round "3"]
[White "Grafl, Florian"]
[Black "Schroeder, Jan-Christian"]
[Result "1-0"]
[WhiteElo "2364"]
[BlackElo "2539"]
[Annotator "TA"]
[PlyCount "85"]
[EventDate "2017.??.??"]
[EventType "swiss"]
[EventCountry "ESP"]
[SourceTitle "playchess.com"]
[Source "ChessBase"]
[SourceQuality "1"]

{[%evp 9,85,-2,75,59,77,83,75,57,64,69,64,56,79,85,84,93,120,119,127,121,115,134,135,124,148,138,143,119,115,109,102,77,164,130,184,108,108,108,108,104,104,104,106,106,119,112,129,122,129,128,158,114,126,118,148,104,102,105,194,187,168,185,226,240,320,310,359,339,360,358,756,744,708,657,1002,690,645,591]} 1. Nc3 Nf6 2. d4 d5 3. Bg5 Nbd7 4. f3 c5 5. e4 Qb6 (5... dxe4 $11 {keeps the balance.} 6. dxc5 h6) (5... dxe4 6. fxe4 h6 7. Be3 cxd4 8. Qxd4 Ng4 9. O-O-O Nxe3 10. Qxe3 e6 11. Nf3 Bc5 12. Qf4 Qf6 13. Qc7 Bb6 14. Qd6 Bc5 15. Qc7 Bb6 16. Qd6 Bc5 {½-½ (16) Savchenko,B (2553)-Lysyj,I (2644) Voronezh 2012}) 6. Bxf6 $1 $16 {D01: Veresov Opening} Nxf6 7. Bb5+ Bd7 8. dxc5 $146 {White is better.} (8. Bxd7+ {is more complex.} Nxd7 9. Nxd5 Qa5+ 10. Qd2 Qxd2+ 11. Kxd2 O-O-O 12. c3) ({Find the theoretical novelty and annotate with similar games:} 8. Bxd7+ Nxd7 9. Nxd5 Qa5+ 10. c3 e6 11. Ne3 cxd4 12. Qxd4 Rd8 {0-1 (41) Pinton,M (2107)-Sardo,G (2188) Catania 2005}) 8... Qxc5 9. Bxd7+ Nxd7 10. Qxd5 Qxd5 11. exd5 Nb6 12. O-O-O O-O-O 13. f4 g6 14. Nf3 Bg7 15. Ne5 Rhf8 16. Rhe1 a6 17. Rd3 Rd6 18. g3 e6 19. dxe6 Rxe6 20. Ne4 f6 (20... Bxe5 $16 21. fxe5 Nd7) 21. Nf3 {[#] Nd4 is the strong threat.} Kc7 (21... Kb8 $16) 22. Rdd1 ({White should try} 22. Nd4 $18 Re7 23. f5) 22... Rfe8 23. Nc5 Rxe1 24. Rxe1 Rxe1+ 25. Nxe1 {[%mdl 4096] Endgame Strongly threatening Ne6+. KBN-KNN} Kc6 26. Ne6 Bh8 27. Nd3 Nc4 28. b3 Ne3 29. c4 f5 30. Nf8 Nf1 31. Nxh7 {Hoping for Nf8.} Bg7 32. Kd1 Nxh2 33. Ke2 Ng4 (33... a5 $16 {might work better.} 34. Ng5 Ng4) 34. Ng5 $18 Kd6 {[#]} 35. Nf3 $1 Bf6 36. Nh4 Bxh4 37. gxh4 {KN-KN} a5 38. Kd2 Kc6 39. Kc3 b5 $2 (39... Kd7 40. Nc5+ Kc7 41. Ne6+ Kd6) 40. cxb5+ {White is clearly winning.} Kxb5 41. Kd4 Nf6 42. a4+ Kc6 43. Ne5+ {Precision: White = 66%, Black = 40%.} 1-0

[Event "XIX Sants Open 2017"]
[Site "Cotxeres de Sants"]
[Date "2017.08.20"]
[Round "3"]
[White "Plazuelo Pascual, Juan"]
[Black "Vera Siguenas, Deivy"]
[Result "0-1"]
[WhiteElo "2356"]
[BlackElo "2525"]
[Annotator "TA"]
[PlyCount "80"]
[EventDate "2017.??.??"]
[EventType "swiss"]
[EventCountry "ESP"]
[SourceTitle "playchess.com"]
[Source "ChessBase"]
[SourceQuality "1"]

{[%evp 18,80,37,33,45,40,45,45,49,33,26,27,30,21,45,18,58,18,57,18,56,20,29,28,31,31,55,11,24,8,11,10,20,-27,-25,-44,-23,-27,-10,-24,-6,-17,-10,-15,-15,-40,-47,-41,-27,-394,-200,-387,-385,-1051,-487,-850,-849,-785,-876,-903,-898,-898,-891,-878,-857]} 1. d4 Nf6 2. c4 e6 3. Nf3 Bb4+ 4. Nbd2 b6 5. e3 Bb7 6. Bd3 O-O 7. O-O d5 8. a3 Be7 9. b4 {[%cal Bb2b4,Bb4c5][%mdl 32]} Nbd7 10. c5 {LiveBook: 8 Games. E14: Queen's Indian: Classical Variation (4 e3)} bxc5 11. bxc5 Qc8 $146 ({Predecessor:} 11... Bc6 12. Qc2 Rb8 13. a4 Rb4 14. Bb2 Qa8 15. Bc3 Rbb8 16. Nb3 Ne4 17. Na5 Nxc3 18. Qxc3 {½-½ (42) Grachev,B (2661)-Fedoseev,V (2662) Vladivostok 2014}) 12. Rb1 {White is slightly better.} Ba6 13. Qe2 Bxd3 14. Qxd3 c6 15. Bb2 Ne8 16. e4 Nc7 17. Ba1 Rd8 18. Qe2 Re8 19. Rfd1 Rb8 20. Rxb8 Qxb8 21. Rb1 Qa8 22. Qd1 Rb8 (22... e5 $5) 23. Qc2 Rxb1+ 24. Qxb1 Qc8 25. exd5 exd5 26. Ne1 Ne6 {[%cal Bc7e6,Be6f4,Bf4h3,Bh3f2,Bf2d1][%mdl 32]} 27. Qd3 Bg5 28. Nb3 Nf4 29. Qf5 Bh6 30. g3 g6 31. Qb1 Nh3+ $40 {[%mdl 128] White needs to defend precisely.} 32. Kg2 Nf6 {White must now prevent ...Nxf2!} 33. Qd1 $2 {[%mdl 8192] [#]} (33. f3 $1 $11) 33... Ng4 (33... Nxf2 $142 $1 {[%mdl 512]} 34. Kxf2 Ng4+ 35. Kg1 Qe6) 34. Qf3 $2 (34. Qe2 Nhxf2 35. Na5) 34... Nhxf2 $19 {...Qa6 is the strong threat.} ({Weaker is} 34... Ngxf2 35. Qe2 $19) 35. Na5 $2 (35. Bc3) 35... Nd1 (35... Qa6 $142 36. Nc2 Qxa5) 36. Kg1 (36. Qe2 $142 Kg7 37. Kh1) 36... Be3+ 37. Kg2 Bd2 38. Nc2 Bxa5 39. Qxd1 Qf5 {( -> ...Qf2+)} 40. Qe2 {[#]} Qxc2 $1 {[%mdl 512] Precision: White = 24%, Black = 47%.} 0-1

[Event "XIX Sants Open 2017"]
[Site "Cotxeres de Sants"]
[Date "2017.08.20"]
[Round "3"]
[White "Colon Garcia, Enrique"]
[Black "Salomon, Johan"]
[Result "0-1"]
[WhiteElo "2342"]
[BlackElo "2488"]
[Annotator "TA"]
[PlyCount "62"]
[EventDate "2017.??.??"]
[EventType "swiss"]
[EventCountry "ESP"]
[SourceTitle "playchess.com"]
[Source "ChessBase"]
[SourceQuality "1"]

{[%evp 12,62,30,25,35,30,30,30,31,9,39,23,32,25,43,32,29,38,38,0,0,0,28,0,0,-2,50,39,50,54,78,86,87,80,103,58,43,57,61,48,154,125,128,140,123,20,20,-1734,-1730,-1682,-1686,-2445,-2414]} 1. e4 c5 2. Nf3 d6 3. d4 cxd4 4. Qxd4 Nf6 5. Nc3 Bd7 6. Bc4 {B53: Sicilian: 2...d6: Lines with Qxd4} (6. Bg5 Nc6 7. Qd2 a6 8. O-O-O b5 9. Kb1 e6 10. Bxf6 gxf6 11. Ne2 Qb6 12. Nfd4 Be7 13. h4 Ne5 {½-½ (43) Antal,G (2517)-Krzyzanowski,M (2457) Zalakaros 2017}) 6... Nc6 7. Qd3 {LiveBook: 3 Games} g6 8. Bb3 {White is slightly better.} Bg7 9. O-O O-O 10. Bg5 $146 ({Predecessor:} 10. Nd5 Rc8 11. c3 Na5 12. Bc2 Re8 {0-1 (46) Lopuszanski,K (1870)-Nowicki,B (2156) Szczyrk 2013}) 10... Na5 11. Rfe1 Nxb3 12. axb3 Bg4 13. Nd5 Nxd5 14. exd5 Re8 15. Ra4 Bf5 16. Qd2 Qd7 ({Wrong is} 16... Bxb2 $2 17. c3 $18) (16... b5 $5 {[%cal Rb5a4]} 17. Rh4 Qc7 $11) 17. Be3 b5 18. Ra5 Qb7 ({Black should try} 18... Qc7 $11) 19. Bd4 Qxd5 20. c4 $1 {[%cal Rc4d5]} Qc6 21. Bxg7 Kxg7 22. Nd4 $36 {[%mdl 2048] White is on the roll.} ({Much weaker is} 22. cxb5 Qb6 $11) 22... Qc8 23. Nxb5 a6 24. Nd4 Bd7 {[%cal Bf5d7,Bd7c6,Bc6g2,Bg2f3][%mdl 32]} 25. h4 {[%cal Bh2h4,Bh4h5][%mdl 32]} h6 (25... h5 $14) 26. h5 $1 $16 e5 27. Nc2 Bc6 {[#]} 28. Qxd6 (28. hxg6 $1 $16 Qg4 29. Ne3 Qxg6 {[#]} 30. Qxd6 $1 {[%mdl 512]}) 28... Bxg2 $1 $11 29. Raxe5 $2 {[%mdl 8192] [#]} (29. Qd3 $11 Bb7 30. Raxe5) 29... Qh3 $1 $19 {[%csl Gg2][%cal Rh3h1][%mdl 512] Black is clearly winning.} 30. f4 Red8 31. Qc5 Bf3 {Precision: White = 34%, Black = 54%.} 0-1